Formal Aspects of Security and Trust 7th International Workshop, FAST 2010, Pisa, Italy, September 16-17, 2010. Revised Selected Papers /

This book constitutes the thoroughly refereed post-proceedings of the 7th International Workshop on Formal Aspects of Security and Trust, FAST 2010, held as part of the 8th IEEE International Conference on Software Engineering and Formal Methods, SEFM 2010 in Pisa, Italy in September 2010. The 14 re...

Full description

Bibliographic Details
Corporate Author: SpringerLink (Online service)
Other Authors: Degano, Pierpaolo (Editor), Etalle, Sandro (Editor), Guttman, Joshua (Editor)
Format: Electronic eBook
Language:English
Published: Berlin, Heidelberg : Springer Berlin Heidelberg : Imprint: Springer, 2011.
Series:Lecture Notes in Computer Science, 6561
Subjects:
Online Access:Full Text via HEAL-Link
LEADER 03140nam a22005775i 4500
001 978-3-642-19751-2
003 DE-He213
005 20170112065520.0
007 cr nn 008mamaa
008 110224s2011 gw | s |||| 0|eng d
020 |a 9783642197512  |9 978-3-642-19751-2 
024 7 |a 10.1007/978-3-642-19751-2  |2 doi 
040 |d GrThAP 
050 4 |a TK5105.5-5105.9 
072 7 |a UKN  |2 bicssc 
072 7 |a COM075000  |2 bisacsh 
082 0 4 |a 004.6  |2 23 
245 1 0 |a Formal Aspects of Security and Trust  |h [electronic resource] :  |b 7th International Workshop, FAST 2010, Pisa, Italy, September 16-17, 2010. Revised Selected Papers /  |c edited by Pierpaolo Degano, Sandro Etalle, Joshua Guttman. 
264 1 |a Berlin, Heidelberg :  |b Springer Berlin Heidelberg :  |b Imprint: Springer,  |c 2011. 
300 |a X, 239 p.  |b online resource. 
336 |a text  |b txt  |2 rdacontent 
337 |a computer  |b c  |2 rdamedia 
338 |a online resource  |b cr  |2 rdacarrier 
347 |a text file  |b PDF  |2 rda 
490 1 |a Lecture Notes in Computer Science,  |x 0302-9743 ;  |v 6561 
520 |a This book constitutes the thoroughly refereed post-proceedings of the 7th International Workshop on Formal Aspects of Security and Trust, FAST 2010, held as part of the 8th IEEE International Conference on Software Engineering and Formal Methods, SEFM 2010 in Pisa, Italy in September 2010. The 14 revised full papers presented together with one invited paper were carefully reviewed and selected from 42 submissions. The papers focus of formal aspects in security and trust policy models, security protocol design and analysis, formal models of trust and reputation, logics for security and trust, distributed trust management systems, trust-based reasoning, digital assets protection, data protection, privacy and id issues, information flow analysis, language-based security, security and trust aspects in ubiquitous computing, validation/analysis tools, web service security/trust/privacy, grid security, security risk assessment, and case studies. 
650 0 |a Computer science. 
650 0 |a Computer communication systems. 
650 0 |a Computer security. 
650 0 |a Data encryption (Computer science). 
650 0 |a Information storage and retrieval. 
650 0 |a Computers and civilization. 
650 0 |a Management information systems. 
650 1 4 |a Computer Science. 
650 2 4 |a Computer Communication Networks. 
650 2 4 |a Data Encryption. 
650 2 4 |a Systems and Data Security. 
650 2 4 |a Computers and Society. 
650 2 4 |a Management of Computing and Information Systems. 
650 2 4 |a Information Storage and Retrieval. 
700 1 |a Degano, Pierpaolo.  |e editor. 
700 1 |a Etalle, Sandro.  |e editor. 
700 1 |a Guttman, Joshua.  |e editor. 
710 2 |a SpringerLink (Online service) 
773 0 |t Springer eBooks 
776 0 8 |i Printed edition:  |z 9783642197505 
830 0 |a Lecture Notes in Computer Science,  |x 0302-9743 ;  |v 6561 
856 4 0 |u http://dx.doi.org/10.1007/978-3-642-19751-2  |z Full Text via HEAL-Link 
912 |a ZDB-2-SCS 
912 |a ZDB-2-LNC 
950 |a Computer Science (Springer-11645)